000
00287nam a22001337a 4500
008
180220b xxu||||| |||| 00| 0 eng d
020
_a
9780966190861
041
_a
eng
080
_a
159.9
100
_a
49
101
_a
PSI
245
_a
Alternative values
_c
Lewis,H
942
_2
udc
_c
BK
999
_c
42916
_d
42916